| 000 | 00529nam a2200205Ia 4500 | ||
|---|---|---|---|
| 003 | OSt | ||
| 005 | 20230425110302.0 | ||
| 008 | 210423s2012 xx 000 0 und d | ||
| 020 | _a9788121919050 | ||
| 040 | _cAL | ||
| 041 | _aeng | ||
| 082 |
_a370.02 AGGR _223 |
||
| 100 |
_aAGGARWAL (R S). _992210 |
||
| 245 | _aModern approach to logical reasoning. | ||
| 260 |
_aNew Delhi _bTata McGraw-hill _c2012 |
||
| 300 |
_a224 _bPB |
||
| 365 |
_b140 _cINR |
||
| 906 | _aapproach ; logical ; Modern ; reasoning. | ||
| 942 |
_2ddc _cBK |
||
| 999 |
_c161612 _d161612 |
||